000 00412nam a2200169Ia 4500
005 20250508161613.0
008 008 250505s9999 xx 000 0 hin d
037 _aTextual
040 _aFEDL
_beng
_cFEDL
041 _ahin
_2eng
084 _aFH, PAN
_qFEDL
100 _aPanday Rajnath
_9771026
245 0 _aHatimtai
300 _a51p.
942 _cTEXL
_hFH, PAN
999 _c1371066
_d1371066